| 000 | 00000nam##2200000za#4500 |
| 001 | 9.632845 |
| 003 | CaOODSP |
| 005 | 20210624215025 |
| 007 | cr ||||||||||| |
| 008 | 150407|2006||||xxc|||||o f|0| 0 fre|d |
| 020 | |a0-662-71928-X |
| 040 | |aCaOODSP|bfre |
| 043 | |an-cn--- |
| 086 | 1 |aH82-3/2006F-PDF |
| 110 | 1 |aCanada. |bConseil d'examen du prix des médicaments brevetés. |
| 245 | 10|aGuide de discussion aux fins de consultation sur les lignes directrices du Conseil sur les prix excessifs |h[ressource électronique] |
| 260 | |aOttawa - Ontario : |bConseil d'examen du prix des médicaments brevetés |cMai 2006. |
| 300 | |a24p.|bfigures |
| 590 | |a12-20-Supp|b2012-05-09 |
| 775 | 08|tDiscussion guide for the consultations on the Board's excessive price guidelines |w(CaOODSP)9.688421 |
| 856 | 40|ahttp://publications.gc.ca|qPDF|s573 Ko|uhttps://publications.gc.ca/collections/collection_2012/cepmb-pmprb/H82-3-2006-fra.pdf |